000
00271nam a2200097Ia 4500
001
1117966
005
20250827004116.0
008
250824s9999 xx 000 0 und d
245
0
_a
HEDEF TÜRKİYE J5 RAF
_c
OKTAY SİNANOĞLU
260
_b
BİLİM GÖNÜL YAYINLARI
999
_c
1117966
_d
1117966